00556nam a2200169 a 4500003000200000005001700002008004100019050002600060245004200086260003200128300000700160440005500167650001200222942001200234999001900246952012100265020170223142539.0070806s19uu xx 00 eng d aTR(GS 372.4bLET 1981 aThe letter People: C :bSkillbook 16. aU.S.A :bWorld book,c1981. a13 aA world book- Childcraft reading readiness program aReading 2ddccBK c105880d105880 00102ddc40aELbELcTRd2007-08-06eDONATIONl0oTR(GS 372.4 LET 1981pE10848r2014-04-12 00:00:00w2014-04-12yBK